000 00574cam a22002053a 4500
001 38565
003 PGUSA
005 20140828083842.0
008 120113s2012||||xxu|||||s|||||000 | eng d
040 _aPGUSA
_beng
042 _adc
100 1 _aMoore, Bernard
245 1 0 _aCornish Catches ;
_band, Other Verses
_h[electronic resource] /
_cBernard Moore
260 _bProject Gutenberg,
_c2012
506 _aPublic domain in the USA.
516 _aElectronic text
830 0 _aProject Gutenberg
_v38565
856 4 0 _uhttp://www.gutenberg.org/ebooks/38565
942 _cEB
999 _c267819
_d267819